Globalizácia a jej sociálno-ekonomické dôsledky '11 zborník [príspevkov] z medzinárodnej vedeckej konferencie : vydaný ako mimoriadne číslo elektronického časopisu Podniková ekonomika a manažment : pod záštitou Ministerstva financií SR : Rajecké Teplice 4. - 5. október 2011
Gespeichert in:
| Körperschaften: | , |
|---|---|
| Format: | Buch |
| Sprache: | Slowakisch Englisch Russisch Tschechisch |
| Veröffentlicht: |
[Žilina]
[Katedra ekonomiky Fakulty prevádzky a ekonomiky dopravy a spojov Žilinskej univerzity]
[2011]
|
| Schlagworte: | |
| Tags: |
Keine Tags, Fügen Sie das erste Tag hinzu!
|
MARC
| LEADER | 00000nlm$a2200000$$$4500 | ||
|---|---|---|---|
| 001 | 0142244 | ||
| 005 | 20221207094717.7 | ||
| 022 | |a 1336-5878 | ||
| 041 | 0 | |a slo | |
| 041 | 0 | |a eng | |
| 041 | 0 | |a rus | |
| 041 | 0 | |a cze | |
| 044 | |a SK | ||
| 245 | 1 | 0 | |a Globalizácia a jej sociálno-ekonomické dôsledky '11 |b zborník [príspevkov] z medzinárodnej vedeckej konferencie : vydaný ako mimoriadne číslo elektronického časopisu Podniková ekonomika a manažment : pod záštitou Ministerstva financií SR : Rajecké Teplice 4. - 5. október 2011 |
| 264 | 1 | |a [Žilina] |b [Katedra ekonomiky Fakulty prevádzky a ekonomiky dopravy a spojov Žilinskej univerzity] |c [2011] | |
| 300 | |a CD-ROM [654 s.] | ||
| 610 | 2 | 0 | |a globalizácia hospodárstva |
| 610 | 2 | 0 | |a globalizácia |
| 610 | 2 | 0 | |a situácia sociálna |
| 610 | 2 | 0 | |a situácia hospodárska |
| 610 | 2 | 0 | |a politika hospodárska |
| 610 | 2 | 0 | |a Slovensko |
| 110 | 2 | |a Globalizácia a jej sociálno-ekonomické dôsledky '11. Medzinárodná vedecká konferencia | |
| 710 | 2 | |a Fakulta prevádzky a ekonomiky dopravy a spojov Žilinskej univerzity. Katedra ekonomiky | |